000 01269cam a22002895a 4500
001 E149411
002 18299
008 100303s2010 xxk f 000 0 eng d
020 _a9781842195512
035 _a(Sirsi) u149411
041 0 _aeng
050 0 4 _a690.2 $2 18
110 2 _aWatts Group Plc
_95510
245 0 0 _aWatts pocket handbook 2010
250 _a26th ed.
260 _a[London]
_bRICS
_c2010
300 _aviii, 464p.
_c18cm.
350 _a26.95
505 2 _aProperty investment and ownership -- Maintenance management -- Development and procurement -- Legislation -- Design -- Materials and defects -- Sustainability -- Useful resources -- Index -- Watts Group directory
520 _a2010 edition of this annual publication providing legal and technical advice and guidance for those working in property and construction. New content in this edition includes: air conditioning inspections; Code for Sustainable Buildings; multi-storey car parks; Managing construction risks in the recession; project stages; rating revaluation 2010; and tree identification.
520 _aSupersedes 25th edition (ISBN 9781842194188 ).
521 _aAdvanced
590 _aKA
651 4 _aUnited Kingdom
_y
690 _aBUILT ENVIRONMENT
942 _n0
999 _c110490
_d110490